Curso completo de aire acondicionado / (Record no. 7393)

000 -CABECERA
fixed length control field 00972nam a22002537a 4500
003 - IDENTIFICADOR DEL NÚMERO DE CONTROL
control field AR-CdUCM
008 - DATOS DE LONGITUD FIJA--INFORMACIÓN GENERAL
fixed length control field 190320b ||||| |||| 00| 0 spa d
040 ## - FUENTE DE LA CATALOGACIÓN
Agencia/entidad que catalogó originalmente la obra MUNICIPALIDAD PROVINCIAL DEL CUSCO
Entidad que transcribió la catalogación BIBLIOTECA MUNICIPAL DEL CUSCO
082 ## - NÚMERO DE LA CLASIFICACIÓN DECIMAL DEWEY
No. de Clasificación 697
Notacion interna SW97
100 ## - ENTRADA PRINCIPAL--NOMBRE DE PERSONA
Nombre Personal Swhweitzer, Gerald
245 ## - MENCIÓN DE TÍTULO
Título Curso completo de aire acondicionado /
260 ## - PUBLICACIÓN, DISTRIBUCIÓN, ETC.
Lugar de publicación, distribución, etc. Buenos Aires :
Nombre de la editorial, distribuidor, etc. Glem,
Fecha de publicación, distribución, etc. 1974..
300 ## - DESCRIPCIÓN FÍSICA
Nº de Páginas Extensión 297 paginas ,
Otros detalles físicos Formulas, diagramas, cuadros,
Dimensiones 22 cm.
505 ## - NOTA DE CONTENIDO CON FORMATO
Nota de contenido formateada Teoría física básica -- Principio del confort ambiente -- Principios de la refrigeración -- Componentes básicos de la refrigeración -- Dispositivos periféricos...
650 ## - PUNTO DE ACCESO ADICIONAL DE MATERIA--TÉRMINO DE MATERIA
Descriptor Aire y diseño
9 (RLIN) 20842
650 ## - PUNTO DE ACCESO ADICIONAL DE MATERIA--TÉRMINO DE MATERIA
Descriptor Aire acondicionado
9 (RLIN) 20843
650 ## - PUNTO DE ACCESO ADICIONAL DE MATERIA--TÉRMINO DE MATERIA
Descriptor Motores y controles
9 (RLIN) 20844
700 ## - PUNTO DE ACCESO ADICIONAL--NOMBRE DE PERSONA
Nombre Personal Ebeling, A.
9 (RLIN) 20845
700 ## - PUNTO DE ACCESO ADICIONAL--NOMBRE DE PERSONA
Nombre Personal Miraglia, Carlos (Traductor)
9 (RLIN) 20846
942 ## - ELEMENTOS DE PUNTO DE ACCESO ADICIONAL (KOHA)
Fuente de clasificación
Tipo de item Libros-BMC
945 ## - PROCESAMIENTO DE INFORMACIÓN LOCAL (OCLC)
Catalogador wnts
Holdings
Estado de retiro (separado) Fuente de clasificación o esquema de estanterías Estado dañado Ubicación Sala donde se ubica Nombre de la colección Fecha de adquisición o compra Costo, precio normal en soles Signatura topográfica Código de Barras Última vez visto (Koha) Tipo de ítem (Koha)
No     Sala Ciencias Sala Ciencias Book Cart 2019-03-20 45.00 697 / SW97 / v.1 / v.2 SC0000000362 2019-03-20 Libros-BMC

Powered by Koha